| 000 | 00595nam a22001577a 4500 | ||
|---|---|---|---|
| 003 | OSt | ||
| 005 | 20151003131340.0 | ||
| 008 | 151003b xxu||||| |||| 00| 0 eng d | ||
| 040 | _cRUA | ||
| 082 | _aAVM DOS 1996 B069 Or.1 | ||
| 100 |
_91889 _aDOS DINN |
||
| 245 | _aThe impact of rural credit on linving condition of peasant in krabei-prey village, (ឥទ្ធិពលរបស់ឥណទានជនបទ លើជីវភាពប្រជាជន នៅភូមិក្របីព្រៃ) | ||
| 260 |
_aphnom penh _bRUA _c1996 |
||
| 300 |
_a67p. _bill. _c29cm. |
||
| 942 |
_2ddc _cAVM |
||
| 999 |
_c1783 _d1783 |
||